000 00584nam a22001697a 4500
003 NUST
038 _aNusrat Nadeem
082 _a200
100 _aLatif Kashif
_919347
245 _aEfficient Resource Utilization of Reconfigurable Hardware Devices for SHA-3 Cryptgraphic Hash Algorithm Candidates/
_cKashif Latif
264 _aKarachi;
_bPNEC NUST;
_c2012.
300 _a127,p;
_bill;
_c30,cm.
650 _aPhD-Electrical Engineering
_984162
700 _aSupervisor:Dr Athar Mahboob
_9124436
856 _uhttp://10.250.8.41:8080/xmlui/handle/123456789/26320
942 _2ddc
_cSC
999 _c610297
_d610297